<?xml version="1.0" encoding="UTF-8"?>
<record
    xmlns:xsi="http://www.w3.org/2001/XMLSchema-instance"
    xsi:schemaLocation="http://www.loc.gov/MARC21/slim http://www.loc.gov/standards/marcxml/schema/MARC21slim.xsd"
    xmlns="http://www.loc.gov/MARC21/slim">

  <leader>02275cam a2200433 a 4500</leader>
  <controlfield tag="001">7821866</controlfield>
  <controlfield tag="005">20220326193330.0</controlfield>
  <controlfield tag="008">100625s2010    gw a     bc   000 0deng d</controlfield>
  <datafield tag="016" ind1="7" ind2=" ">
    <subfield code="a">1000334376</subfield>
    <subfield code="2">DE-101</subfield>
  </datafield>
  <datafield tag="020" ind1=" " ind2=" ">
    <subfield code="a">9783775726528 (hd.bd.)</subfield>
  </datafield>
  <datafield tag="020" ind1=" " ind2=" ">
    <subfield code="a">3775726527 (hd.bd.)</subfield>
  </datafield>
  <datafield tag="035" ind1=" " ind2=" ">
    <subfield code="a">(OCoLC)ocn659554922</subfield>
  </datafield>
  <datafield tag="035" ind1=" " ind2=" ">
    <subfield code="a">(GyWOH)har100033502</subfield>
  </datafield>
  <datafield tag="035" ind1=" " ind2=" ">
    <subfield code="a">(OCoLC)659554922</subfield>
  </datafield>
  <datafield tag="035" ind1=" " ind2=" ">
    <subfield code="a">(NNC)7821866</subfield>
  </datafield>
  <datafield tag="040" ind1=" " ind2=" ">
    <subfield code="a">HFL</subfield>
    <subfield code="c">HFL</subfield>
    <subfield code="d">NNC</subfield>
  </datafield>
  <datafield tag="041" ind1="0" ind2=" ">
    <subfield code="a">eng</subfield>
    <subfield code="a">spa</subfield>
  </datafield>
  <datafield tag="082" ind1=" " ind2=" ">
    <subfield code="a">707.4</subfield>
    <subfield code="b">C184l</subfield>
  </datafield>
  <datafield tag="100" ind1="1" ind2=" ">
    <subfield code="a">Camnitzer, Luis,</subfield>
    <subfield code="d">1937-</subfield>
    <subfield code="9">3101</subfield>
  </datafield>
  <datafield tag="245" ind1="1" ind2="0">
    <subfield code="a">Luis Camnitzer :</subfield>
    <subfield code="b">Daros Museum, Z&#xFC;rich, March 11 - July 4, 2010 ; El Museo del Barrio, New York, February 2 - May 29, 2011 /</subfield>
    <subfield code="c"> Hans-Michael Herzog [curador]  Katrin Steffen [co-curador] </subfield>
  </datafield>
  <datafield tag="260" ind1=" " ind2=" ">
    <subfield code="a">Ostfildern :</subfield>
    <subfield code="b">Hatje Cantz,</subfield>
    <subfield code="c">2010.</subfield>
  </datafield>
  <datafield tag="300" ind1=" " ind2=" ">
    <subfield code="a">226 p. :</subfield>
    <subfield code="b">ill. (col.) ;</subfield>
    <subfield code="c">28 cm.</subfield>
  </datafield>
  <datafield tag="500" ind1=" " ind2=" ">
    <subfield code="a">Exhibition catalog.</subfield>
  </datafield>
  <datafield tag="504" ind1=" " ind2=" ">
    <subfield code="a">Includes bibliographical references.</subfield>
  </datafield>
  <datafield tag="505" ind1=" " ind2=" ">
    <subfield code="t">Preface = Pr&#xF3;logo /Hans-Michael Herzog</subfield>
    <subfield code="t">Preface = Pr&#xF3;logo / Deborah Cullen</subfield>
    <subfield code="t">Chronology = Cronolog&#xED;a / Luis Camnitzer</subfield>
    <subfield code="t">Manifesto, 1982 = Manifiesto, 1982 / Luis Camnitzer</subfield>
    <subfield code="t">Hans-Michael Herzog in Conversation with Luis Camnitzer = Hans-Michael Herzog en conversaci&#xF3;n con Luis Camnitzer </subfield>
    <subfield code="t">Manifesto of Havana, 2008 = Manifiesto de La Habana, 2008 / Luis Camnitzer</subfield>
    <subfield code="t">Works with Comments = Obras con comentarios / Maren Welsch</subfield>
    <subfield code="t">The Graci&#xE1;n-Cervantes Impulse = Bajo el impulso de Graci&#xE1;n y Cervantes / Michael Glasmeier</subfield>
    <subfield code="t">Media in Process = Medios un process / Sabeth Buchmann</subfield>
    <subfield code="t">The Hand That Holds the Horizon = La mano que sostiene el horizonte / Antonio Eligio (Tonel)</subfield>
  </datafield>
  <datafield tag="546" ind1=" " ind2=" ">
    <subfield code="a">English and Spanish.</subfield>
  </datafield>
  <datafield tag="600" ind1="1" ind2="0">
    <subfield code="a">Camnitzer, Luis,</subfield>
    <subfield code="d">1937-</subfield>
    <subfield code="v">Exhibitions.</subfield>
    <subfield code="9">3102</subfield>
  </datafield>
  <datafield tag="650" ind1=" " ind2=" ">
    <subfield code="x">Daros Museum, Z&#xFC;rich, March 11 - July 4, 2010</subfield>
    <subfield code="x">El Museo del Barrio, New York, February 2 - May 29, 2011</subfield>
    <subfield code="9">3103</subfield>
  </datafield>
  <datafield tag="700" ind1="1" ind2=" ">
    <subfield code="a">Herzog, Hans-Michael [curador] </subfield>
    <subfield code="d">1956-</subfield>
    <subfield code="9">1964</subfield>
  </datafield>
  <datafield tag="700" ind1="1" ind2=" ">
    <subfield code="a">Welsch, Maren</subfield>
    <subfield code="9">3610</subfield>
  </datafield>
  <datafield tag="700" ind1="1" ind2=" ">
    <subfield code="a">Glasmeier, Michael</subfield>
    <subfield code="9">3611</subfield>
  </datafield>
  <datafield tag="700" ind1="1" ind2=" ">
    <subfield code="a">Buchmann, Sabeth</subfield>
    <subfield code="9">5</subfield>
  </datafield>
  <datafield tag="700" ind1="1" ind2=" ">
    <subfield code="a">Eligio, Antonio (Tonel)</subfield>
    <subfield code="9">3612</subfield>
  </datafield>
  <datafield tag="700" ind1="1" ind2=" ">
    <subfield code="a">Steffen, Katrin  [co-curador] </subfield>
    <subfield code="9">1965</subfield>
  </datafield>
  <datafield tag="710" ind1="2" ind2=" ">
    <subfield code="a">Daros-Latinamerica (Art Collection)</subfield>
    <subfield code="9">1849</subfield>
  </datafield>
  <datafield tag="710" ind1="2" ind2=" ">
    <subfield code="a">Museo del Barrio (New York, N.Y.)</subfield>
    <subfield code="9">3104</subfield>
  </datafield>
  <datafield tag="948" ind1="1" ind2=" ">
    <subfield code="a">20100921</subfield>
    <subfield code="b">c</subfield>
    <subfield code="c">rhg9</subfield>
    <subfield code="d">SCMC</subfield>
  </datafield>
  <datafield tag="999" ind1=" " ind2=" ">
    <subfield code="c">690</subfield>
    <subfield code="d">690</subfield>
  </datafield>
  <datafield tag="952" ind1=" " ind2=" ">
    <subfield code="0">0</subfield>
    <subfield code="1">0</subfield>
    <subfield code="2">ddc</subfield>
    <subfield code="4">0</subfield>
    <subfield code="7">0</subfield>
    <subfield code="a">LV</subfield>
    <subfield code="b">LV</subfield>
    <subfield code="c">Monograf&#xED;as</subfield>
    <subfield code="d">2015-06-12</subfield>
    <subfield code="l">0</subfield>
    <subfield code="o">707.4 C 184l</subfield>
    <subfield code="p">000648</subfield>
    <subfield code="r">2015-06-12 00:00:00</subfield>
    <subfield code="w">2015-06-12</subfield>
    <subfield code="y">01</subfield>
  </datafield>
</record>
